| 000 | 00524nmm a2200169Ia 4500 | ||
|---|---|---|---|
| 008 | 251105s9999||||xx |||||||||||||||||und|| | ||
| 020 | _a9788416421145 | ||
| 041 | _aspa | ||
| 100 | _aAlizal Arriaga, Laura del (Coord.) | ||
| 245 | 0 | _aRelaciones entre poderes del Estado: acuerdos y divergencias | |
| 264 |
_a[Madrid, España] : _bAnthropos, _c2015 |
||
| 300 | _a160 páginas | ||
| 490 | _aCuadernos A | ||
| 650 | _aPolitical Science (General) | ||
| 856 | _uhttps://public.digitaliapublishing.com/a/41721 | ||
| 942 | _cCF | ||
| 999 |
_c77717 _d77717 |
||